<?xml version="1.0" encoding="UTF-8"?>
<record
    xmlns:xsi="http://www.w3.org/2001/XMLSchema-instance"
    xsi:schemaLocation="http://www.loc.gov/MARC21/slim http://www.loc.gov/standards/marcxml/schema/MARC21slim.xsd"
    xmlns="http://www.loc.gov/MARC21/slim">

  <leader>00617nam a2200193Ia 4500</leader>
  <controlfield tag="005">20221229130447.0</controlfield>
  <controlfield tag="008">210716s2012    xx            000 0 und d</controlfield>
  <datafield tag="020" ind1=" " ind2=" ">
    <subfield code="a">9788126519606</subfield>
  </datafield>
  <datafield tag="040" ind1=" " ind2=" ">
    <subfield code="c">AIMIT LIBRARY</subfield>
  </datafield>
  <datafield tag="041" ind1=" " ind2=" ">
    <subfield code="a">eng</subfield>
  </datafield>
  <datafield tag="082" ind1=" " ind2=" ">
    <subfield code="a">005.131 </subfield>
    <subfield code="2">1</subfield>
    <subfield code="b">SEVF</subfield>
  </datafield>
  <datafield tag="100" ind1=" " ind2=" ">
    <subfield code="a">Severance, Frank L.</subfield>
    <subfield code="9">67899</subfield>
  </datafield>
  <datafield tag="245" ind1=" " ind2=" ">
    <subfield code="a">System modeling and simulation: an introduction :</subfield>
    <subfield code="b">introduction /</subfield>
    <subfield code="c">By Frank L. Severance.</subfield>
  </datafield>
  <datafield tag="250" ind1=" " ind2=" ">
    <subfield code="a">1st ed.</subfield>
  </datafield>
  <datafield tag="260" ind1=" " ind2=" ">
    <subfield code="a">New Delhi :</subfield>
    <subfield code="b">Wiley India Pvt Ltd ,</subfield>
    <subfield code="c">2012.</subfield>
  </datafield>
  <datafield tag="300" ind1=" " ind2=" ">
    <subfield code="a">xi,506p. ;</subfield>
    <subfield code="b">PB</subfield>
    <subfield code="c">22.7 cm.</subfield>
  </datafield>
  <datafield tag="650" ind1=" " ind2=" ">
    <subfield code="a">Automata,Formal Languages</subfield>
    <subfield code="9">67900</subfield>
  </datafield>
  <datafield tag="942" ind1=" " ind2=" ">
    <subfield code="2">ddc</subfield>
    <subfield code="c">BK</subfield>
    <subfield code="e">1st</subfield>
    <subfield code="k">005.131 SEVF</subfield>
  </datafield>
  <datafield tag="999" ind1=" " ind2=" ">
    <subfield code="c">193106</subfield>
    <subfield code="d">193106</subfield>
  </datafield>
  <datafield tag="952" ind1=" " ind2=" ">
    <subfield code="0">0</subfield>
    <subfield code="1">0</subfield>
    <subfield code="2">ddc</subfield>
    <subfield code="4">0</subfield>
    <subfield code="7">0</subfield>
    <subfield code="8">MCA</subfield>
    <subfield code="a">AIMIT</subfield>
    <subfield code="b">AIMIT</subfield>
    <subfield code="d">2022-12-29</subfield>
    <subfield code="e">Higginbothams Pvt Ltd</subfield>
    <subfield code="g">559.00</subfield>
    <subfield code="i">Bill no:308; Bill dt:2013-01-29</subfield>
    <subfield code="l">0</subfield>
    <subfield code="o">005.131 SEVF</subfield>
    <subfield code="p">MCA12614</subfield>
    <subfield code="r">2025-07-21 00:00:00</subfield>
    <subfield code="v">419.25</subfield>
    <subfield code="w">2021-07-16</subfield>
    <subfield code="y">BK</subfield>
  </datafield>
  <datafield tag="952" ind1=" " ind2=" ">
    <subfield code="0">0</subfield>
    <subfield code="1">0</subfield>
    <subfield code="2">ddc</subfield>
    <subfield code="4">0</subfield>
    <subfield code="7">3</subfield>
    <subfield code="8">MCA</subfield>
    <subfield code="a">AIMIT</subfield>
    <subfield code="b">AIMIT</subfield>
    <subfield code="d">2022-12-29</subfield>
    <subfield code="e">Higginbothams Pvt Ltd</subfield>
    <subfield code="g">559.00</subfield>
    <subfield code="i">Bill no:308; Bill dt:2013-01-29</subfield>
    <subfield code="l">0</subfield>
    <subfield code="o">005.131 SEVF</subfield>
    <subfield code="p">MCA12615</subfield>
    <subfield code="r">2025-07-21 00:00:00</subfield>
    <subfield code="v">419.25</subfield>
    <subfield code="w">2021-07-16</subfield>
    <subfield code="y">BK</subfield>
  </datafield>
  <datafield tag="952" ind1=" " ind2=" ">
    <subfield code="0">0</subfield>
    <subfield code="1">0</subfield>
    <subfield code="2">ddc</subfield>
    <subfield code="4">0</subfield>
    <subfield code="7">0</subfield>
    <subfield code="8">MCA</subfield>
    <subfield code="a">AIMIT</subfield>
    <subfield code="b">AIMIT</subfield>
    <subfield code="d">2022-12-29</subfield>
    <subfield code="e">Higginbothams Pvt Ltd</subfield>
    <subfield code="g">559.00</subfield>
    <subfield code="i">Bill no:308; Bill dt:2013-01-29</subfield>
    <subfield code="l">0</subfield>
    <subfield code="o">005.131 SEVF</subfield>
    <subfield code="p">MCA12616</subfield>
    <subfield code="r">2025-07-21 00:00:00</subfield>
    <subfield code="v">419.25</subfield>
    <subfield code="w">2021-07-16</subfield>
    <subfield code="y">BK</subfield>
  </datafield>
  <datafield tag="952" ind1=" " ind2=" ">
    <subfield code="0">0</subfield>
    <subfield code="1">0</subfield>
    <subfield code="2">ddc</subfield>
    <subfield code="4">0</subfield>
    <subfield code="7">0</subfield>
    <subfield code="8">MCA</subfield>
    <subfield code="a">AIMIT</subfield>
    <subfield code="b">AIMIT</subfield>
    <subfield code="d">2022-12-29</subfield>
    <subfield code="e">Higginbothams Pvt Ltd</subfield>
    <subfield code="g">559.00</subfield>
    <subfield code="i">Bill no:308; Bill dt:2013-01-29</subfield>
    <subfield code="l">0</subfield>
    <subfield code="o">005.131 SEVF</subfield>
    <subfield code="p">MCA12617</subfield>
    <subfield code="r">2025-07-21 00:00:00</subfield>
    <subfield code="v">419.25</subfield>
    <subfield code="w">2021-07-16</subfield>
    <subfield code="y">BK</subfield>
  </datafield>
  <datafield tag="952" ind1=" " ind2=" ">
    <subfield code="0">0</subfield>
    <subfield code="1">0</subfield>
    <subfield code="2">ddc</subfield>
    <subfield code="4">0</subfield>
    <subfield code="7">0</subfield>
    <subfield code="8">MCA</subfield>
    <subfield code="a">AIMIT</subfield>
    <subfield code="b">AIMIT</subfield>
    <subfield code="d">2022-12-29</subfield>
    <subfield code="e">Higginbothams Pvt Ltd</subfield>
    <subfield code="g">559.00</subfield>
    <subfield code="i">Bill no:308; Bill dt:2013-01-29</subfield>
    <subfield code="l">0</subfield>
    <subfield code="o">005.131 SEVF</subfield>
    <subfield code="p">MCA12618</subfield>
    <subfield code="r">2025-07-21 00:00:00</subfield>
    <subfield code="v">419.25</subfield>
    <subfield code="w">2021-07-16</subfield>
    <subfield code="y">BK</subfield>
  </datafield>
</record>
